Welcome to the Holygrace Academy Library

Please use search bar below to get started

STILL WATCH (Record no. 2320)

MARC details
000 -LEADER
fixed length control field 00533nam a22001457a 4500
020 ## - INTERNATIONAL STANDARD BOOK NUMBER
ISBN 978-0-7434-8428-2
082 ## - DEWEY DECIMAL CLASSIFICATION NUMBER
Classification number 823
Item number CLA/S
100 ## - MAIN ENTRY--AUTHOR NAME
Personal name CLARK,MARY HIGGINS
245 ## - TITLE STATEMENT
Title STILL WATCH
260 ## - PUBLICATION, DISTRIBUTION, ETC. (IMPRINT)
Place of publication UK
Name of publisher POCKET BOOKS
300 ## - PHYSICAL DESCRIPTION
Number of Pages 356
520 ## - SUMMARY, ETC.
Summary, etc Stillwatch is about Pat going to Washington to interview Congresswoman Abigail Jennings. While she is in Washington, she uncovers some facts about Abigail that could ruin Abigail's chances of becoming the first female vice president.
650 ## - SUBJECT ADDED ENTRY--TOPICAL TERM
Topical Term NOVEL ENGLISH
Geographic subdivision UK
942 ## - ADDED ENTRY ELEMENTS (KOHA)
Koha item type Books
Holdings
Withdrawn status Lost status Collection code Home library Current library Shelving location Date acquired Source of acquisition Full call number Accession Number Koha item type
    Fiction Main Library Main Library SHELF-2-D ENGLIAH NOVELS FOR TEACHERS 14/10/2011 PURCHASE 823 CLA/S 05593 Books